Activities Handbook for the Teaching of psychology (Record no. 6574)

MARC details
000 -LEADER
fixed length control field 00930cam a2200289 a 4500
001 - CONTROL NUMBER
control field 424988
003 - CONTROL NUMBER IDENTIFIER
control field OSt
005 - DATE AND TIME OF LATEST TRANSACTION
control field 20231011121942.0
008 - FIXED-LENGTH DATA ELEMENTS--GENERAL INFORMATION
fixed length control field 810227m19819999dcua b 001 0 eng
010 ## - LIBRARY OF CONGRESS CONTROL NUMBER
LC control number 81001648
020 ## - INTERNATIONAL STANDARD BOOK NUMBER
International Standard Book Number 0912704349 (v. 1)
040 ## - CATALOGING SOURCE
Original cataloging agency DLC
Transcribing agency DLC
Modifying agency DLC
082 00 - DEWEY DECIMAL CLASSIFICATION NUMBER
Classification number 150 ACT 1981
100 ## - MAIN ENTRY--PERSONAL NAME
Personal name Edited by Benjamin, J.R.; Ludy, T. ; Lowman,Kathleen D.
9 (RLIN) 13516
245 00 - TITLE STATEMENT
Title Activities Handbook for the Teaching of psychology
250 ## - EDITION STATEMENT
Edition statement vol i
260 ## - PUBLICATION, DISTRIBUTION, ETC. (IMPRINT)
Place of publication, distribution, etc. Washington, D.C. :
Name of publisher, distributor, etc. American Psychological Association,
Date of publication, distribution, etc. 1981
300 ## - PHYSICAL DESCRIPTION
Extent xiii,345p;
Other physical details ill. ;
Dimensions 26-28 cm.
500 ## - GENERAL NOTE
General note Vols. 2-3 edited by: Vivian Parker Makosky
504 ## - BIBLIOGRAPHY, ETC. NOTE
Bibliography, etc Includes bibliographical references and indexes.
650 #0 - SUBJECT ADDED ENTRY--TOPICAL TERM
Topical term or geographic name as entry element Psychology
9 (RLIN) 13290
650 #0 - SUBJECT ADDED ENTRY--TOPICAL TERM
Topical term or geographic name as entry element Behavior analysis
9 (RLIN) 13291
906 ## - LOCAL DATA ELEMENT F, LDF (RLIN)
a 7
b cbc
c orignew
d 1
e ocip
f 19
g y-gencatlg
942 ## - ADDED ENTRY ELEMENTS (KOHA)
Source of classification or shelving scheme Dewey Decimal Classification
Koha item type Open Shelf
Holdings
Withdrawn status Lost status Source of classification or shelving scheme Damaged status Not for loan Home library Current library Date acquired Source of acquisition Inventory number Total Checkouts Full call number Barcode Date last seen Price effective from Koha item type
    Dewey Decimal Classification     MUST Main Library MUST Main Library 04/02/2020 Purchase 08/30861   150 ACT 1981 2020-0311 04/02/2020 04/02/2020 Open Shelf
    Dewey Decimal Classification     MUST Main Library MUST Main Library 04/02/2020 Purchase 08/30860   150 ACT 1981 2020-0312 04/02/2020 04/02/2020 Open Shelf
    Dewey Decimal Classification     MUST Main Library MUST Main Library 14/02/2020 Purchase 08/30862   150 ACT 1981 2020-0491 14/02/2020 14/02/2020 Open Shelf